000 00466nam a2200145Ia 4500
008 211109s9999||||xx |||||||||||||| ||und||
082 _a894.8121
_bULL-K
100 _aParameswaraiyer, Ulloor S
245 0 _aKiranavali
260 _bNATIONAL BOOKSTALL
_aKottayam
_c1935
300 _a50p.
630 _xGeneral Stack
650 _aLiteratures of other languages
_vAltaic, Uralic, Hyperborean & DravidianMalayalam LiteratureMalayalam Poetry
_xGeneralia
942 _cBOOK
999 _c5352
_d5352